000 00806nam a22002297a 4500
003 0
005 20250916163456.0
008 250916b xxu||||| |||| 00| 0 eng d
020 _a979-8-88836-762-9
050 _aTK 5105.59
_b.C37 2025
100 _aCarr, Miles,
_eauthor.
245 _aFoundations of information security :
_b(an elementary text) /
_cMiles Carr.
260 _aNew York, NY :
_bLarsen and Keller Education,
_c2025.
300 _aviii, 240 pages :
_bcolored illustrations ;
_c27 cm.
504 _aIncludes bibliographical references and index.
650 _aInformation technology
_xSecurity measures.
650 _aComputer networks
_xSecurity measures.
650 _aComputer security.
650 _aCryptography.
650 _aData encryption (Computer science).
942 _2lcc
_cBK
999 _c367997
_d367997